[Event "Amsterdam Science Park 2023"]
[Site "Science Park, Amsterdam, Netherlands"]
[Date "2023.07.18"]
[Round "4.1"]
[White "Zwirs, Nico"]
[Black "Beeke, Bob"]
[Result "1/2-1/2"]
[WhiteElo "2443"]
[BlackElo "2216"]

1. e4 {[%clk 01:29:35]} {[%emt 00:01:24]} e5 {[%clk 01:30:55]} {[%emt
00:00:05]} 2. Nf3 {[%clk 01:29:45]} {[%emt 00:00:21]} Nf6 {[%clk 01:31:18]}
{[%emt 00:00:07]} 3. Nc3 {[%clk 01:21:07]} {[%emt 00:09:07]} Nc6 {[%clk
01:31:26]} {[%emt 00:00:23]} 4. d4 {[%clk 01:21:13]} {[%emt 00:00:25]} Bb4
{[%clk 01:29:46]} {[%emt 00:02:09]} 5. Nxe5 {[%clk 01:20:23]} {[%emt 00:01:21]}
Qe7 {[%clk 01:21:22]} {[%emt 00:08:53]} 6. Nxc6 {[%clk 01:16:53]} {[%emt
00:04:00]} Qxe4+ {[%clk 01:20:46]} {[%emt 00:01:06]} 7. Qe2 {[%clk 01:16:09]}
{[%emt 00:01:14]} dxc6 {[%clk 01:20:46]} {[%emt 00:00:30]} 8. Bd2 {[%clk
01:03:31]} {[%emt 00:13:07]} Qxe2+ {[%clk 01:16:51]} {[%emt 00:04:25]} 9. Bxe2
{[%clk 01:02:38]} {[%emt 00:01:24]} Bf5 {[%clk 01:17:05]} {[%emt 00:00:16]} 10.
O-O-O {[%clk 01:02:26]} {[%emt 00:00:41]} O-O-O {[%clk 01:15:40]} {[%emt
00:01:56]} 11. Bg5 {[%clk 00:55:51]} {[%emt 00:07:04]} Rde8 {[%clk 01:15:26]}
{[%emt 00:00:44]} 12. Bf3 {[%clk 00:19:15]} {[%emt 00:37:07]} Bxc3 {[%clk
01:08:02]} {[%emt 00:07:54]} 13. bxc3 {[%clk 00:19:41]} {[%emt 00:00:04]} Ne4
{[%clk 01:07:12]} {[%emt 00:01:20]} 14. Bxe4 {[%clk 00:20:02]} {[%emt
00:00:09]} Bxe4 {[%clk 01:06:03]} {[%emt 00:01:38]} 15. f3 {[%clk 00:19:42]}
{[%emt 00:00:51]} 1/2-1/2

[Event "Amsterdam Science Park 2023"]
[Site "Science Park, Amsterdam, Netherlands"]
[Date "2023.07.18"]
[Round "4.2"]
[White "Kanis, Sierk"]
[Black "Riemersma, Li"]
[Result "1/2-1/2"]
[WhiteElo "2112"]
[BlackElo "2440"]

1. d4 {[%clk 01:30:49]} {[%emt 00:00:10]} Nf6 {[%clk 01:28:06]} {[%emt
00:02:55]} 2. Nc3 {[%clk 01:31:09]} {[%emt 00:00:10]} d5 {[%clk 01:26:36]}
{[%emt 00:01:59]} 3. Bf4 {[%clk 01:31:29]} {[%emt 00:00:10]} e6 {[%clk
01:25:57]} {[%emt 00:01:10]} 4. e3 {[%clk 01:31:31]} {[%emt 00:00:28]} Bb4
{[%clk 01:19:23]} {[%emt 00:07:04]} 5. Bd3 {[%clk 01:31:26]} {[%emt 00:00:35]}
c5 {[%clk 01:04:22]} {[%emt 00:15:02]} 6. dxc5 {[%clk 01:31:56]} Nbd7 {[%clk
01:04:33]} {[%emt 00:00:51]} 7. Nge2 {[%clk 01:31:41]} {[%emt 00:00:43]} a6
{[%clk 00:56:09]} {[%emt 00:08:54]} 8. a3 {[%clk 01:27:46]} {[%emt 00:04:26]}
Bxc5 {[%clk 00:56:37]} {[%emt 00:00:02]} 9. Bg3 {[%clk 01:27:54]} {[%emt
00:00:21]} b5 {[%clk 00:56:10]} {[%emt 00:00:57]} 10. b4 {[%clk 01:15:32]}
{[%emt 00:12:52]} Be7 {[%clk 00:39:47]} {[%emt 00:16:53]} 11. e4 {[%clk
01:15:03]} {[%emt 00:00:59]} dxe4 {[%clk 00:37:57]} {[%emt 00:02:21]} 12. Nxe4
{[%clk 01:14:34]} {[%emt 00:00:58]} Bb7 {[%clk 00:38:10]} {[%emt 00:00:18]} 13.
Nd6+ {[%clk 01:10:11]} {[%emt 00:04:53]} Bxd6 {[%clk 00:38:27]} {[%emt
00:00:13]} 14. Bxd6 {[%clk 01:10:39]} {[%emt 00:00:01]} Qb6 {[%clk 00:38:35]}
{[%emt 00:00:22]} 15. Bf4 {[%clk 01:09:09]} {[%emt 00:01:59]} Bxg2 {[%clk
00:38:09]} {[%emt 00:00:56]} 16. Rg1 {[%clk 01:08:37]} {[%emt 00:01:02]} Bf3
{[%clk 00:33:35]} {[%emt 00:05:05]} 17. c4 {[%clk 01:01:21]} {[%emt 00:07:46]}
bxc4 {[%clk 00:28:18]} {[%emt 00:05:47]} 18. Bxc4 {[%clk 01:00:59]} {[%emt
00:00:52]} O-O {[%clk 00:19:56]} {[%emt 00:08:52]} 19. Qb3 {[%clk 00:54:53]}
{[%emt 00:06:36]} Bh5 {[%clk 00:15:23]} {[%emt 00:05:03]} 20. Be3 {[%clk
00:43:36]} {[%emt 00:11:47]} Qb7 {[%clk 00:15:44]} {[%emt 00:00:09]} 21. Nf4
{[%clk 00:43:44]} {[%emt 00:00:21]} Ne5 {[%clk 00:14:01]} {[%emt 00:02:13]} 22.
Nxh5 {[%clk 00:38:24]} {[%emt 00:05:51]} Nf3+ {[%clk 00:14:25]} {[%emt
00:00:06]} 23. Ke2 {[%clk 00:38:44]} {[%emt 00:00:10]} Nxg1+ {[%clk 00:14:20]}
{[%emt 00:00:35]} 24. Rxg1 {[%clk 00:39:08]} {[%emt 00:00:05]} Nxh5 {[%clk
00:14:36]} {[%emt 00:00:14]} 25. Rg5 {[%clk 00:33:24]} {[%emt 00:06:13]} Qe4
{[%clk 00:14:46]} {[%emt 00:00:21]} 26. Kf1 {[%clk 00:21:14]} {[%emt 00:12:40]}
Rfd8 {[%clk 00:15:06]} {[%emt 00:00:10]} 27. Be2 {[%clk 00:17:40]} {[%emt
00:04:04]} Nf4 {[%clk 00:14:00]} {[%emt 00:01:36]} 28. f3 {[%clk 00:14:52]}
{[%emt 00:03:18]} Qb7 {[%clk 00:07:53]} {[%emt 00:06:38]} 29. Bxf4 {[%clk
00:14:53]} {[%emt 00:00:28]} Qe7 {[%clk 00:08:21]} {[%emt 00:00:01]} 30. Rc5
{[%clk 00:12:35]} {[%emt 00:02:49]} 1/2-1/2

[Event "Amsterdam Science Park 2023"]
[Site "Science Park, Amsterdam, Netherlands"]
[Date "2023.07.18"]
[Round "4.3"]
[White "Van der Poel, Henk"]
[Black "Hopman, Pieter"]
[Result "0-1"]
[WhiteElo "2211"]
[BlackElo "2323"]

1. e4 {[%clk 01:30:58]} {[%emt 18:50:58]} d6 {[%clk 01:23:29]} {[%emt
00:07:36]} 2. d4 {[%clk 01:31:04]} {[%emt 00:00:23]} Nf6 {[%clk 01:23:53]}
{[%emt 00:00:06]} 3. Nc3 {[%clk 01:31:21]} {[%emt 00:00:13]} e5 {[%clk
01:24:21]} {[%emt 00:00:04]} 4. Nge2 {[%clk 01:31:12]} {[%emt 00:00:37]} Be7
{[%clk 01:24:36]} {[%emt 00:00:16]} 5. g3 {[%clk 01:31:20]} {[%emt 00:00:22]}
c6 {[%clk 01:24:57]} {[%emt 00:00:09]} 6. a4 {[%clk 01:30:55]} {[%emt
00:00:54]} Na6 {[%clk 01:22:21]} {[%emt 00:03:07]} 7. Bg2 {[%clk 01:29:58]}
{[%emt 00:01:26]} Nb4 {[%clk 01:22:03]} {[%emt 00:00:49]} 8. O-O {[%clk
01:28:38]} {[%emt 00:01:49]} O-O {[%clk 01:22:04]} {[%emt 00:00:30]} 9. h3
{[%clk 01:15:18]} {[%emt 00:13:50]} Re8 {[%clk 01:11:59]} {[%emt 00:10:35]} 10.
b3 {[%clk 01:10:46]} {[%emt 00:05:02]} Bd7 {[%clk 01:02:21]} {[%emt 00:10:09]}
11. Bb2 {[%clk 01:06:49]} {[%emt 00:04:26]} Bf8 {[%clk 01:00:11]} {[%emt
00:02:40]} 12. Qd2 {[%clk 00:59:32]} {[%emt 00:07:47]} a6 {[%clk 00:54:11]}
{[%emt 00:06:30]} 13. Rfe1 {[%clk 00:52:43]} {[%emt 00:07:18]} Qc7 {[%clk
00:47:27]} {[%emt 00:07:15]} 14. Nb1 {[%clk 00:42:15]} {[%emt 00:10:58]} a5
{[%clk 00:44:00]} {[%emt 00:03:57]} 15. Na3 {[%clk 00:41:15]} {[%emt 00:01:29]}
exd4 {[%clk 00:39:57]} {[%emt 00:04:33]} 16. Nxd4 {[%clk 00:40:29]} {[%emt
00:01:14]} d5 {[%clk 00:39:16]} {[%emt 00:01:13]} 17. exd5 {[%clk 00:36:00]}
{[%emt 00:04:59]} Nbxd5 {[%clk 00:39:01]} {[%emt 00:00:45]} 18. Rxe8 {[%clk
00:36:08]} {[%emt 00:00:22]} Rxe8 {[%clk 00:38:53]} {[%emt 00:00:38]} 19. Re1
{[%clk 00:36:29]} {[%emt 00:00:09]} Rxe1+ {[%clk 00:34:42]} {[%emt 00:04:41]}
20. Qxe1 {[%clk 00:36:56]} {[%emt 00:00:02]} Bb4 {[%clk 00:34:36]} {[%emt
00:00:37]} 21. c3 {[%clk 00:33:43]} {[%emt 00:03:43]} Nxc3 {[%clk 00:29:45]}
{[%emt 00:05:21]} 22. Bxc3 {[%clk 00:34:11]} {[%emt 00:00:02]} Bxa3 {[%clk
00:30:10]} {[%emt 00:00:06]} 23. Bxa5 {[%clk 00:34:33]} {[%emt 00:00:07]} Qd6
{[%clk 00:30:20]} {[%emt 00:00:20]} 24. Bc3 {[%clk 00:33:17]} {[%emt 00:01:46]}
Bc5 {[%clk 00:30:14]} {[%emt 00:00:37]} 25. Qd2 {[%clk 00:27:05]} {[%emt
00:06:41]} Bxh3 {[%clk 00:23:12]} {[%emt 00:07:32]} 26. Bxh3 {[%clk 00:14:03]}
{[%emt 00:13:32]} Ne4 {[%clk 00:23:35]} {[%emt 00:00:07]} 27. Qe3 {[%clk
00:14:14]} {[%emt 00:00:19]} Nxc3 {[%clk 00:23:37]} {[%emt 00:00:28]} 28. Qxc3
{[%clk 00:12:03]} {[%emt 00:02:41]} Bxd4 {[%clk 00:23:53]} {[%emt 00:00:14]} 29.
Qf3 {[%clk 00:12:27]} {[%emt 00:00:05]} g6 {[%clk 00:21:08]} {[%emt 00:03:16]}
30. Bf1 {[%clk 00:10:21]} {[%emt 00:02:35]} Kg7 {[%clk 00:21:33]} {[%emt
00:00:06]} 31. Kg2 {[%clk 00:10:35]} {[%emt 00:00:16]} h5 {[%clk 00:20:54]}
{[%emt 00:01:09]} 32. Bc4 {[%clk 00:09:58]} {[%emt 00:01:07]} Bf6 {[%clk
00:19:23]} {[%emt 00:02:00]} 33. Qe4 {[%clk 00:10:04]} {[%emt 00:00:25]} Qd8
{[%clk 00:18:44]} {[%emt 00:01:10]} 34. b4 {[%clk 00:08:35]} {[%emt 00:01:59]}
h4 {[%clk 00:17:16]} {[%emt 00:01:57]} 35. gxh4 {[%clk 00:07:00]} {[%emt
00:02:04]} Bxh4 {[%clk 00:17:28]} {[%emt 00:00:19]} 36. b5 {[%clk 00:07:09]}
{[%emt 00:00:20]} Qg5+ {[%clk 00:16:46]} {[%emt 00:01:13]} 37. Kf1 {[%clk
00:07:04]} {[%emt 00:00:35]} Qf6 {[%clk 00:16:44]} {[%emt 00:00:32]} 38. f3
{[%clk 00:07:12]} {[%emt 00:00:22]} Bg3 {[%clk 00:13:20]} {[%emt 00:03:53]} 39.
bxc6 {[%clk 00:04:19]} {[%emt 00:03:23]} bxc6 {[%clk 00:13:44]} {[%emt
00:00:07]} 40. Kg2 {[%clk 00:03:59]} {[%emt 00:00:49]} Bc7 {[%clk 00:13:40]}
{[%emt 00:00:34]} 41. Bd3 {[%clk 00:29:48]} {[%emt 00:04:41]} Qg5+ {[%clk
00:40:27]} {[%emt 00:03:43]} 42. Kf1 {[%clk 00:27:10]} {[%emt 00:03:08]} Bb6
{[%clk 00:40:21]} {[%emt 00:00:37]} 43. Ke2 {[%clk 00:26:35]} {[%emt 00:01:04]}
Qc5 {[%clk 00:37:47]} {[%emt 00:03:05]} 44. Kd1 {[%clk 00:26:04]} {[%emt
00:01:00]} Bd8 {[%clk 00:37:27]} {[%emt 00:00:50]} 45. Be2 {[%clk 00:25:26]}
{[%emt 00:01:07]} Bg5 {[%clk 00:37:11]} {[%emt 00:00:47]} 46. f4 {[%clk
00:21:39]} {[%emt 00:04:17]} Qd6+ {[%clk 00:36:51]} {[%emt 00:00:50]} 47. Ke1
{[%clk 00:20:50]} {[%emt 00:01:19]} Bxf4 {[%clk 00:36:53]} {[%emt 00:00:29]} 48.
Bf3 {[%clk 00:20:43]} {[%emt 00:00:37]} c5 {[%clk 00:35:30]} {[%emt 00:01:54]}
49. Kf1 {[%clk 00:19:37]} {[%emt 00:01:35]} Be5 {[%clk 00:35:14]} {[%emt
00:00:46]} 50. a5 {[%clk 00:19:20]} {[%emt 00:00:46]} Bd4 {[%clk 00:35:26]}
{[%emt 00:00:19]} 51. Kg2 {[%clk 00:17:43]} {[%emt 00:02:06]} Bc3 {[%clk
00:34:53]} {[%emt 00:01:04]} 52. Qb1 {[%clk 00:13:48]} {[%emt 00:04:25]} Qd2+
{[%clk 00:35:11]} {[%emt 00:00:12]} 0-1

[Event "Amsterdam Science Park 2023"]
[Site "Science Park, Amsterdam, Netherlands"]
[Date "2023.07.18"]
[Round "4.4"]
[White "Blees, Albert"]
[Black "Eefting, Martijn"]
[Result "1-0"]
[WhiteElo "2319"]
[BlackElo "1865"]

1. d4 {[%clk 01:28:10]} {[%emt 00:02:49]} Nf6 {[%clk 01:30:54]} {[%emt
00:00:08]} 2. c4 {[%clk 01:28:32]} {[%emt 00:00:07]} e6 {[%clk 01:31:20]}
{[%emt 00:00:04]} 3. Nf3 {[%clk 01:28:33]} {[%emt 00:00:27]} Bb4+ {[%clk
01:31:45]} {[%emt 00:00:07]} 4. Bd2 {[%clk 01:27:45]} {[%emt 00:01:17]} a5
{[%clk 01:32:10]} {[%emt 00:00:05]} 5. g3 {[%clk 01:26:28]} {[%emt 00:01:47]}
b6 {[%clk 01:32:31]} {[%emt 00:00:10]} 6. Bg2 {[%clk 01:26:23]} {[%emt
00:00:34]} Bb7 {[%clk 01:32:44]} {[%emt 00:00:18]} 7. O-O {[%clk 01:26:24]}
{[%emt 00:00:28]} O-O {[%clk 01:33:08]} {[%emt 00:00:07]} 8. Bf4 {[%clk
01:25:37]} {[%emt 00:01:16]} Be7 {[%clk 01:33:21]} {[%emt 00:00:17]} 9. Nc3
{[%clk 01:25:43]} {[%emt 00:00:23]} Ne4 {[%clk 01:33:26]} {[%emt 00:00:25]} 10.
Qc2 {[%clk 01:25:03]} {[%emt 00:01:10]} Nxc3 {[%clk 01:33:27]} {[%emt
00:00:30]} 11. Qxc3 {[%clk 01:25:24]} {[%emt 00:00:08]} d6 {[%clk 01:29:36]}
{[%emt 00:04:21]} 12. Qd3 {[%clk 01:22:24]} {[%emt 00:03:29]} f5 {[%clk
01:21:40]} {[%emt 00:08:28]} 13. Ne1 {[%clk 01:16:33]} {[%emt 00:06:20]} Bxg2
{[%clk 01:14:15]} {[%emt 00:07:56]} 14. Nxg2 {[%clk 01:16:32]} {[%emt
00:00:31]} Nc6 {[%clk 01:08:10]} {[%emt 00:06:35]} 15. Bd2 {[%clk 00:59:11]}
{[%emt 00:17:50]} e5 {[%clk 01:04:58]} {[%emt 00:03:43]} 16. d5 {[%clk
00:59:02]} {[%emt 00:00:38]} e4 {[%clk 00:59:10]} {[%emt 00:06:19]} 17. Qc2
{[%clk 00:58:19]} {[%emt 00:01:13]} Ne5 {[%clk 00:50:24]} {[%emt 00:09:15]} 18.
Nf4 {[%clk 00:56:53]} {[%emt 00:01:54]} Qd7 {[%clk 00:46:32]} {[%emt 00:04:24]}
19. f3 {[%clk 00:50:31]} {[%emt 00:06:52]} exf3 {[%clk 00:44:49]} {[%emt
00:02:14]} 20. exf3 {[%clk 00:50:05]} {[%emt 00:00:55]} Rfe8 {[%clk 00:36:45]}
{[%emt 00:08:35]} 21. Ne6 {[%clk 00:48:44]} {[%emt 00:01:50]} Bf6 {[%clk
00:34:48]} {[%emt 00:02:28]} 22. Rae1 {[%clk 00:46:06]} {[%emt 00:03:08]} Rxe6
{[%clk 00:29:47]} {[%emt 00:05:32]} 23. dxe6 {[%clk 00:46:28]} {[%emt
00:00:08]} Qxe6 {[%clk 00:29:39]} {[%emt 00:00:39]} 24. b3 {[%clk 00:38:34]}
{[%emt 00:08:22]} Qf7 {[%clk 00:29:09]} {[%emt 00:01:00]} 25. Qxf5 {[%clk
00:38:23]} {[%emt 00:00:41]} Nxc4 {[%clk 00:28:30]} {[%emt 00:01:10]} 26. Qc2
{[%clk 00:36:15]} {[%emt 00:02:36]} Bd4+ {[%clk 00:27:02]} {[%emt 00:01:59]} 27.
Kg2 {[%clk 00:36:36]} {[%emt 00:00:08]} Nxd2 {[%clk 00:26:18]} {[%emt
00:01:14]} 28. Qxd2 {[%clk 00:36:59]} {[%emt 00:00:07]} Bc5 {[%clk 00:25:30]}
{[%emt 00:01:18]} 29. Re4 {[%clk 00:36:12]} {[%emt 00:01:16]} d5 {[%clk
00:21:20]} {[%emt 00:04:43]} 30. Re5 {[%clk 00:35:27]} {[%emt 00:01:14]} Rd8
{[%clk 00:20:13]} {[%emt 00:01:37]} 31. Qd3 {[%clk 00:32:33]} {[%emt 00:03:23]}
Bb4 {[%clk 00:17:01]} {[%emt 00:03:43]} 32. Rf2 {[%clk 00:30:48]} {[%emt
00:02:14]} g6 {[%clk 00:14:03]} {[%emt 00:03:29]} 33. h4 {[%clk 00:29:48]}
{[%emt 00:01:30]} Kg7 {[%clk 00:10:34]} {[%emt 00:04:00]} 34. Rfe2 {[%clk
00:26:34]} {[%emt 00:03:43]} Qd7 {[%clk 00:08:43]} {[%emt 00:02:21]} 35. h5
{[%clk 00:26:08]} {[%emt 00:00:55]} Qf7 {[%clk 00:07:16]} {[%emt 00:01:58]} 36.
Qd4 {[%clk 00:23:52]} {[%emt 00:02:45]} Bc5 {[%clk 00:05:10]} {[%emt 00:02:38]}
37. h6+ {[%clk 00:22:48]} {[%emt 00:01:34]} Kg8 {[%clk 00:05:04]} {[%emt
00:00:36]} 38. Re8+ {[%clk 00:22:38]} {[%emt 00:00:40]} Rxe8 {[%clk 00:04:59]}
{[%emt 00:00:36]} 39. Rxe8+ {[%clk 00:23:05]} {[%emt 00:00:03]} Bf8 {[%clk
00:05:09]} {[%emt 00:00:19]} 40. Rd8 {[%clk 00:23:04]} {[%emt 00:00:30]} c5
{[%clk 00:02:16]} {[%emt 00:03:25]} 41. Qe5 {[%clk 00:20:07]} {[%emt 00:03:25]}
d4 {[%clk 00:00:38]} {[%emt 00:02:09]} 42. Kf2 {[%clk 00:18:55]} {[%emt
00:01:41]} a4 {[%clk 00:00:32]} {[%emt 00:00:38]} 43. f4 {[%clk 00:16:19]}
{[%emt 00:03:06]} axb3 {[%clk 00:24:46]} {[%emt 00:06:17]} 44. axb3 {[%clk
00:42:54]} {[%emt 00:03:53]} g5 {[%clk 00:21:06]} {[%emt 00:04:11]} 45. Qxg5+
{[%clk 00:42:59]} {[%emt 00:00:24]} Kh8 {[%clk 00:21:16]} {[%emt 00:00:21]} 46.
Qe5+ {[%clk 00:43:12]} {[%emt 00:00:17]} Kg8 {[%clk 00:21:45]} 47. g4 {[%clk
00:43:14]} {[%emt 00:00:28]} Qg6 {[%clk 00:19:45]} {[%emt 00:02:32]} 48. Qd5+
{[%clk 00:36:11]} {[%emt 00:07:32]} Qf7 {[%clk 00:20:11]} {[%emt 00:00:05]} 49.
Qd6 {[%clk 00:36:10]} {[%emt 00:00:29]} b5 {[%clk 00:18:49]} {[%emt 00:01:53]}
50. f5 {[%clk 00:36:04]} {[%emt 00:00:35]} c4 {[%clk 00:16:54]} {[%emt
00:02:26]} 51. bxc4 {[%clk 00:36:18]} {[%emt 00:00:17]} bxc4 {[%clk 00:15:34]}
{[%emt 00:01:50]} 52. Qe6 {[%clk 00:34:31]} {[%emt 00:02:16]} 1-0

[Event "Amsterdam Science Park 2023"]
[Site "Science Park, Amsterdam, Netherlands"]
[Date "2023.07.18"]
[Round "4.5"]
[White "Snijders, Take"]
[Black "Van Delft, Merijn"]
[Result "1/2-1/2"]
[WhiteElo "1873"]
[BlackElo "2369"]

1. e4 {[%clk 01:30:58]} {[%emt 00:00:02]} c5 {[%clk 01:28:17]} {[%emt
00:02:44]} 2. Nf3 {[%clk 01:31:17]} {[%emt 00:00:11]} d6 {[%clk 01:28:25]}
{[%emt 00:00:21]} 3. d4 {[%clk 01:31:41]} {[%emt 00:00:07]} cxd4 {[%clk
01:28:33]} {[%emt 00:00:22]} 4. Nxd4 {[%clk 01:32:01]} {[%emt 00:00:10]} Nf6
{[%clk 01:28:58]} {[%emt 00:00:05]} 5. Nc3 {[%clk 01:32:23]} {[%emt 00:00:08]}
a6 {[%clk 01:29:22]} {[%emt 00:00:06]} 6. Bg5 {[%clk 01:32:43]} {[%emt
00:00:10]} Nbd7 {[%clk 01:29:31]} {[%emt 00:00:07]} 7. Bc4 {[%clk 01:32:57]}
{[%emt 00:00:31]} Qb6 {[%clk 01:29:50]} {[%emt 00:00:11]} 8. Bb3 {[%clk
01:33:03]} {[%emt 00:00:23]} e6 {[%clk 01:30:09]} {[%emt 00:00:12]} 9. Bxf6
{[%clk 01:32:59]} {[%emt 00:00:34]} Nxf6 {[%clk 01:30:14]} {[%emt 00:00:22]} 10.
Qd2 {[%clk 01:33:20]} {[%emt 00:00:11]} Nd7 {[%clk 01:29:56]} {[%emt 00:00:48]}
11. O-O-O {[%clk 01:33:12]} {[%emt 00:00:39]} Nc5 {[%clk 01:29:59]} {[%emt
00:00:26]} 12. f4 {[%clk 01:33:09]} {[%emt 00:00:34]} Bd7 {[%clk 01:30:06]}
{[%emt 00:00:22]} 13. Kb1 {[%clk 01:32:50]} {[%emt 00:00:50]} O-O-O {[%clk
01:29:58]} {[%emt 00:00:32]} 14. f5 {[%clk 01:32:19]} {[%emt 00:01:07]} Kb8
{[%clk 01:29:42]} {[%emt 00:00:45]} 15. Rhf1 {[%clk 01:28:27]} {[%emt
00:04:23]} Be7 {[%clk 01:22:19]} {[%emt 00:07:52]} 16. fxe6 {[%clk 01:19:52]}
{[%emt 00:09:06]} fxe6 {[%clk 01:22:38]} {[%emt 00:00:09]} 17. Qe3 {[%clk
01:18:19]} {[%emt 00:02:04]} Nxb3 {[%clk 01:17:59]} {[%emt 00:05:09]} 18. axb3
{[%clk 01:14:54]} {[%emt 00:03:55]} Bf6 {[%clk 01:17:54]} {[%emt 00:00:34]} 19.
Nf5 {[%clk 01:11:08]} {[%emt 00:04:18]} Qxe3 {[%clk 01:16:01]} {[%emt
00:02:22]} 20. Nxe3 {[%clk 01:11:36]} {[%emt 00:00:02]} Bc6 {[%clk 01:14:40]}
{[%emt 00:01:49]} 21. Nc4 {[%clk 01:03:52]} {[%emt 00:08:16]} Kc7 {[%clk
01:06:21]} {[%emt 00:08:47]} 22. Rfe1 {[%clk 00:54:25]} {[%emt 00:09:58]} Rhf8
{[%clk 00:58:05]} {[%emt 00:08:45]} 23. Rd2 {[%clk 00:48:33]} {[%emt 00:06:24]}
b5 {[%clk 00:52:12]} {[%emt 00:06:22]} 24. Na5 {[%clk 00:38:24]} {[%emt
00:10:40]} Ba8 {[%clk 00:45:22]} {[%emt 00:07:19]} 25. b4 {[%clk 00:36:39]}
{[%emt 00:02:16]} Be5 {[%clk 00:43:21]} {[%emt 00:02:27]} 26. g3 {[%clk
00:32:25]} {[%emt 00:04:48]} Rf3 {[%clk 00:41:02]} {[%emt 00:02:47]} 27. Rd3
{[%clk 00:29:32]} {[%emt 00:03:25]} Rdf8 {[%clk 00:39:14]} {[%emt 00:02:16]} 28.
Re2 {[%clk 00:27:53]} {[%emt 00:02:10]} Rf2 {[%clk 00:35:24]} {[%emt 00:04:20]}
29. Rdd2 {[%clk 00:24:22]} {[%emt 00:04:01]} Rxe2 {[%clk 00:35:25]} {[%emt
00:00:28]} 30. Rxe2 {[%clk 00:24:44]} {[%emt 00:00:08]} h5 {[%clk 00:27:05]}
{[%emt 00:08:50]} 31. Nb3 {[%clk 00:20:53]} {[%emt 00:04:22]} Kd7 {[%clk
00:25:45]} {[%emt 00:01:49]} 32. Nd2 {[%clk 00:18:30]} {[%emt 00:02:53]} g5
{[%clk 00:23:55]} {[%emt 00:02:20]} 33. Nd1 {[%clk 00:14:54]} {[%emt 00:04:07]}
h4 {[%clk 00:22:15]} {[%emt 00:02:10]} 34. gxh4 {[%clk 00:13:14]} {[%emt
00:02:11]} gxh4 {[%clk 00:22:26]} {[%emt 00:00:16]} 35. Ne3 {[%clk 00:12:33]}
{[%emt 00:01:13]} Bd4 {[%clk 00:15:34]} {[%emt 00:07:21]} 36. Ng4 {[%clk
00:10:35]} {[%emt 00:02:28]} Rf4 {[%clk 00:13:43]} {[%emt 00:02:18]} 37. h3
{[%clk 00:10:12]} {[%emt 00:00:55]} e5 {[%clk 00:12:38]} {[%emt 00:01:35]} 38.
c3 {[%clk 00:09:54]} {[%emt 00:00:49]} Bb6 {[%clk 00:12:53]} {[%emt 00:00:14]}
39. Kc2 {[%clk 00:08:25]} {[%emt 00:02:00]} Ke6 {[%clk 00:12:31]} {[%emt
00:00:51]} 40. Kd3 {[%clk 00:05:57]} {[%emt 00:03:00]} Bc6 {[%clk 00:12:43]}
{[%emt 00:00:17]} 41. Re1 {[%clk 00:27:44]} {[%emt 00:08:43]} Bc7 {[%clk
00:37:27]} {[%emt 00:05:46]} 42. Ne3 {[%clk 00:21:04]} {[%emt 00:07:10]} Rf2
{[%clk 00:31:50]} {[%emt 00:06:06]} 43. Re2 {[%clk 00:18:39]} {[%emt 00:02:55]}
Rf4 {[%clk 00:28:04]} {[%emt 00:04:17]} 44. Rg2 {[%clk 00:18:08]} {[%emt
00:01:01]} Bb6 {[%clk 00:24:50]} {[%emt 00:03:44]} 45. Rg6+ {[%clk 00:17:27]}
{[%emt 00:01:12]} Rf6 {[%clk 00:25:09]} {[%emt 00:00:11]} 46. Rxf6+ {[%clk
00:17:09]} {[%emt 00:00:48]} Kxf6 {[%clk 00:25:34]} {[%emt 00:00:05]} 47. Nf3
{[%clk 00:16:59]} {[%emt 00:00:40]} Bxe3 {[%clk 00:25:02]} {[%emt 00:01:02]} 48.
Kxe3 {[%clk 00:17:18]} {[%emt 00:00:12]} Bd7 {[%clk 00:25:23]} {[%emt
00:00:09]} 49. Nxh4 {[%clk 00:16:50]} {[%emt 00:00:57]} Bxh3 {[%clk 00:25:43]}
{[%emt 00:00:10]} 50. Nf3 {[%clk 00:16:49]} {[%emt 00:00:32]} Be6 {[%clk
00:25:03]} {[%emt 00:01:09]} 51. Nd2 {[%clk 00:15:38]} {[%emt 00:01:41]} Kg5
{[%clk 00:24:15]} {[%emt 00:01:19]} 52. Nf3+ {[%clk 00:14:18]} {[%emt
00:01:50]} Kg4 {[%clk 00:23:58]} {[%emt 00:00:46]} 53. Nd2 {[%clk 00:14:01]}
{[%emt 00:00:48]} Kg5 {[%clk 00:24:09]} {[%emt 00:00:19]} 54. Nf3+ {[%clk
00:14:22]} {[%emt 00:00:09]} 1/2-1/2